000 00901nam a2200205Ii 4500
003 JO-AjNU
008 230605s9999||||xx |||||||||||||| ||und||
040 _aJO-AjNU
_bara
_erda
_cJO-AjNU
041 _aara
050 1 4 _aHF5548.4.M523.N34.2008
100 3 _aتألبف:نجم،عبود نجم,
_eauthor
_927703
245 0 0 _aمدخل الى الاساليب الكمية مع التطبيقات باستخدام (Microsoft Excel)
250 _aط2 مزيدة ومنقحة
264 3 1 _aعمان:مؤسسة الوراق للنشر والتوزيع؛2008
300 _a623ص
_bيحتوي على ملاحق من ص 613-623ص،يحتوي على ببلوغرافية من ص607-611ص
336 _atext
_btxt
_2rdacontent
337 _aunmediated
_bn
_2rdamedia
338 _avolume
_bnc
_2rdacarrier
650 4 _aالطرق الإحصائية - معالجة البيانات إلكترونيا
_927704
999 _aA10658
_c14226
_d14226